[Event "Paul Keres mem (26th)"]
[Site "Vancouver CAN"]
[Date "2001.05.21"]
[Round "7.7"]
[White "Milicevic, Dragoljub"]
[Black "Stanford, Mike"]
[Result "0-1"]
[WhiteElo "2353"]
[BlackElo "2019"]
[PlyCount "46"]
[GameId "2160767911564806"]
[EventDate "2001.05.18"]
[EventType "swiss"]
[EventRounds "7"]
[EventCountry "CAN"]

1. g3 d5 2. Bg2 c6 3. Nf3 Bg4 4. d3 Nd7 5. Nbd2 e6 6. h3 Bh5 7. O-O Bd6 8. b3 f6 9. Bb2 Ne7 10. e4 e5 11. exd5 cxd5 12. c4 Nc5 13. Qe2 O-O 14. Rfd1 Bg6 15. Ne1 d4 16. Ne4 Rb8 17. Rac1 a5 18. Qc2 f5 19. Nxd6 Qxd6 20. a3 Nc6 21. Rb1 e4 22. dxe4 fxe4 23. Bxe4 Bxe4 0-1

[Event "Paul Keres mem (26th)"]
[Site "Vancouver CAN"]
[Date "2001.05.21"]
[Round "7.8"]
[White "Huber, Gregory"]
[Black "Haukenfrers, Dale"]
[Result "1-0"]
[WhiteElo "2333"]
[BlackElo "2201"]
[PlyCount "78"]
[GameId "2160767911564807"]
[EventDate "2001.05.18"]
[EventType "swiss"]
[EventRounds "7"]
[EventCountry "CAN"]

1. e4 d6 2. d4 Nf6 3. Nc3 c6 4. f4 Qa5 5. Bd3 e5 6. dxe5 dxe5 7. f5 Bc5 8. Qe2 Qb6 9. Nf3 Nbd7 10. Nd1 a5 11. c3 a4 12. Rb1 h5 13. b4 axb3 14. axb3 Qc7 15. b4 Bb6 16. Nd2 Ng4 17. h3 Ngf6 18. g3 Ba7 19. Kf1 b6 20. Nf2 Bb7 21. Kg2 O-O-O 22. Ra1 Bb8 23. Ba6 g6 24. fxg6 fxg6 25. Nc4 c5 26. Bg5 Bxa6 27. Rxa6 Qb7 28. Rha1 Rhf8 29. bxc5 Nxe4 30. Nxe4 Nxc5 31. Nxb6+ Kc7 32. Bxd8+ Kxd8 33. R1a4 Rf6 34. Qd2+ Ke8 35. Qd5 Qxd5 36. Nxd5 Rxa6 37. Nxc5 Rxa4 38. Nxa4 Ba7 39. Kf3 Kd7 1-0

[Event "Paul Keres mem (26th)"]
[Site "Vancouver CAN"]
[Date "2001.05.21"]
[Round "7.9"]
[White "North, Robert"]
[Black "Adam, Valerian"]
[Result "1/2-1/2"]
[WhiteElo "2117"]
[BlackElo "2298"]
[PlyCount "119"]
[GameId "2160767911564808"]
[EventDate "2001.05.18"]
[EventType "swiss"]
[EventRounds "7"]
[EventCountry "CAN"]

1. c4 e5 2. g3 Bc5 3. Bg2 Nc6 4. Nc3 Nge7 5. e3 d6 6. Nge2 Bg4 7. a3 a5 8. h3 Bh5 9. g4 Bg6 10. d4 Bb6 11. d5 Nb8 12. e4 h5 13. Ng3 hxg4 14. hxg4 Rxh1+ 15. Bxh1 f6 16. Nce2 Qd7 17. Nf5 Kf7 18. Bd2 Na6 19. b4 Rh8 20. Bg2 axb4 21. axb4 Bxf5 22. exf5 g6 23. Ng3 gxf5 24. gxf5 Rh4 25. Qc2 Qc8 26. Rc1 Bd4 27. Qd3 Qg8 28. Qf3 Qc8 29. Ke2 c6 30. dxc6 bxc6 31. Rh1 Rxh1 32. Bxh1 Qh8 33. Bg2 d5 34. cxd5 cxd5 35. Qh5+ Qxh5+ 36. Nxh5 e4 37. Bh3 Nc7 38. f3 exf3+ 39. Kxf3 Nc6 40. Nf4 Ne5+ 41. Ke2 Ke7 42. Ne6 Nb5 43. Nf4 Kd6 44. Bg2 Nc7 45. b5 Nc4 46. Kd3 Ke5 47. Bc1 Nd6 48. Ne2 Bc5 49. Bf4+ Kxf5 50. Bxd6 Bxd6 51. b6 Na8 52. b7 Nb6 53. Kd4 Ke6 54. Nc3 Be5+ 55. Kd3 f5 56. Nb5 Nd7 57. Nd4+ Kd6 58. Nxf5+ Kc5 59. Ne7 Nb6 60. Nxd5 1/2-1/2

[Event "Paul Keres mem (26th)"]
[Site "Vancouver CAN"]
[Date "2001.05.21"]
[Round "7.10"]
[White "Caluza, Juni"]
[Black "Illijin, Neboisa"]
[Result "0-1"]
[WhiteElo "1877"]
[BlackElo "2169"]
[PlyCount "52"]
[GameId "2160767911564809"]
[EventDate "2001.05.18"]
[EventType "swiss"]
[EventRounds "7"]
[EventCountry "CAN"]

1. d4 Nf6 2. c4 e6 3. Nf3 b6 4. g3 Ba6 5. b3 Bb4+ 6. Bd2 Be7 7. Nc3 Bb7 8. Bg2 c5 9. e3 d5 10. cxd5 exd5 11. O-O Nc6 12. a3 O-O 13. Qc2 a6 14. Rfd1 Rc8 15. Bc1 cxd4 16. exd4 Ne4 17. Bb2 f5 18. Qd3 Bf6 19. Bh3 g6 20. Ne2 Qd6 21. Bc1 Rce8 22. Bf4 Qe7 23. Be3 Rc8 24. Bf4 Bg7 25. Re1 g5 26. Ne5 gxf4 0-1

[Event "Paul Keres mem (26th)"]
[Site "Vancouver CAN"]
[Date "2001.05.21"]
[Round "7.11"]
[White "Kaptsan, Aron"]
[Black "Berrocoso, Tony"]
[Result "1/2-1/2"]
[WhiteElo "2147"]
[BlackElo "2053"]
[PlyCount "36"]
[GameId "2160767911564810"]
[EventDate "2001.05.18"]
[EventType "swiss"]
[EventRounds "7"]
[EventCountry "CAN"]

1. d4 Nf6 2. c4 c5 3. d5 b5 4. cxb5 a6 5. bxa6 Bxa6 6. b3 g6 7. Bb2 Bg7 8. g3 d6 9. Bg2 O-O 10. Nf3 Qb6 11. O-O Nbd7 12. Nfd2 c4 13. Na3 cxb3 14. axb3 Rab8 15. Rb1 Rfc8 16. Nac4 Qd8 17. Bc3 Nh5 18. Bxg7 Nxg7 1/2-1/2

[Event "Paul Keres mem (26th)"]
[Site "Vancouver CAN"]
[Date "2001.05.21"]
[Round "7.12"]
[White "Holubowicz, Kazimiercz"]
[Black "Keshet, Joshua"]
[Result "0-1"]
[WhiteElo "1634"]
[BlackElo "1866"]
[PlyCount "96"]
[GameId "2160767911564811"]
[EventDate "2001.05.18"]
[EventType "swiss"]
[EventRounds "7"]
[EventCountry "CAN"]

1. Nf3 b6 2. d4 Bb7 3. Bf4 e6 4. Nbd2 Nf6 5. e3 h6 6. c3 Be7 7. Qb3 Nc6 8. Bd3 Na5 9. Qc2 Nd5 10. Be5 Bf6 11. O-O-O d6 12. Bg3 Rc8 13. b4 Nc6 14. Bb5 a6 15. Bxc6+ Bxc6 16. e4 Ne7 17. e5 Bg5 18. Nxg5 hxg5 19. Ne4 Nf5 20. f3 Ne3 21. Qd2 Nxd1 22. Rxd1 Bxe4 23. fxe4 O-O 24. Rh1 f5 25. exf5 exf5 26. h3 f4 27. Bf2 dxe5 28. Qd3 b5 29. Qg6 Qf6 30. Qe4 Qf5 31. Qd5+ Rf7 32. dxe5 c6 33. Qc5 Qe6 34. Kb2 Rd8 35. Bd4 f3 36. g3 f2 37. Rf1 Qxh3 38. e6 Qxe6 39. Qxg5 Rd5 40. Qd2 a5 41. bxa5 c5 42. Qe3 Qxe3 43. Bxe3 Re5 44. Bf4 Re2+ 45. Kb3 Ra7 46. a3 Ra6 47. Bc7 Rc6 48. Bb6 c4+ 0-1

[Event "Paul Keres mem (26th)"]
[Site "Vancouver CAN"]
[Date "2001.05.21"]
[Round "7.13"]
[White "Oszvald, Joseph"]
[Black "Sladek, Vaclav"]
[Result "1-0"]
[WhiteElo "2109"]
[BlackElo "2000"]
[PlyCount "53"]
[GameId "2160767911564812"]
[EventDate "2001.05.18"]
[EventType "swiss"]
[EventRounds "7"]
[EventCountry "CAN"]

1. e4 c5 2. d4 cxd4 3. c3 dxc3 4. Nxc3 Nc6 5. Nf3 d6 6. Bc4 e6 7. O-O Be7 8. Qe2 Nf6 9. Rd1 Qa5 10. Nb5 O-O 11. Nxd6 Ne5 12. Bb3 Nxf3+ 13. gxf3 Qh5 14. e5 Ne8 15. Bf4 Bxd6 16. exd6 Bd7 17. Bc2 f5 18. a4 Rf6 19. b4 g5 20. Be5 Rh6 21. Kf1 Kf7 22. b5 Qh4 23. Rd4 f4 24. Qe4 Rb8 25. Rc4 Qxh2 26. Rd1 Qh3+ 27. Ke2 1-0

[Event "Paul Keres mem (26th)"]
[Site "Vancouver CAN"]
[Date "2001.05.21"]
[Round "7.14"]
[White "Chapman, Erik"]
[Black "McPherson, Tristram"]
[Result "1/2-1/2"]
[WhiteElo "2021"]
[BlackElo "2094"]
[PlyCount "52"]
[GameId "2160767911564813"]
[EventDate "2001.05.18"]
[EventType "swiss"]
[EventRounds "7"]
[EventCountry "CAN"]

1. e4 c5 2. Nf3 e6 3. c4 Nc6 4. Nc3 a6 5. d4 cxd4 6. Nxd4 Qc7 7. Nb3 Nf6 8. f4 Bb4 9. Bd3 Bxc3+ 10. bxc3 O-O 11. e5 Ne8 12. Ba3 d6 13. exd6 Qd7 14. O-O b6 15. Rf3 g6 16. Bc2 Nf6 17. c5 Rd8 18. cxb6 Nd5 19. Nc5 Qxd6 20. b7 Bxb7 21. Nxb7 Qxa3 22. Nxd8 Rxd8 23. Rd3 Rc8 24. Bb3 Qc5+ 25. Kh1 Nxc3 26. Qc2 Nb4 1/2-1/2

[Event "Paul Keres mem (26th)"]
[Site "Vancouver CAN"]
[Date "2001.05.21"]
[Round "7.15"]
[White "Pitre, Hanniegn"]
[Black "Zemitis, Valdemars"]
[Result "1-0"]
[WhiteElo "2007"]
[BlackElo "1841"]
[PlyCount "39"]
[GameId "2160767911564814"]
[EventDate "2001.05.18"]
[EventType "swiss"]
[EventRounds "7"]
[EventCountry "CAN"]

1. e4 e5 2. f4 d5 3. exd5 e4 4. d3 Nf6 5. dxe4 Nxe4 6. Nf3 Bc5 7. Qe2 Bf2+ 8. Kd1 Qxd5+ 9. Nfd2 Bg4 10. Qxg4 O-O 11. Bd3 Nf6 12. Qh3 Re8 13. Nc3 Qd4 14. Nf3 Qd6 15. Bd2 Na6 16. Rf1 Bb6 17. Ng5 h6 18. Nge4 Qd4 19. Nxf6+ Qxf6 20. Nd5 1-0

[Event "Paul Keres mem (26th)"]
[Site "Vancouver CAN"]
[Date "2001.05.21"]
[Round "7.16"]
[White "Brajkovic, Nikola"]
[Black "Long, Hugh"]
[Result "1-0"]
[WhiteElo "2075"]
[BlackElo "1878"]
[PlyCount "69"]
[GameId "2160767911564815"]
[EventDate "2001.05.18"]
[EventType "swiss"]
[EventRounds "7"]
[EventCountry "CAN"]

1. e4 d5 2. exd5 Nf6 3. c4 Bg4 4. Be2 Bxe2 5. Qxe2 c6 6. dxc6 Nxc6 7. Nf3 e6 8. O-O Be7 9. d3 O-O 10. Nc3 a6 11. h3 Qc7 12. Be3 Rab8 13. Rac1 Rfd8 14. Rfd1 e5 15. Bg5 Qd6 16. Bxf6 Bxf6 17. Ne4 Qe7 18. a3 Nd4 19. Nxd4 Rxd4 20. b4 g6 21. Nxf6+ Qxf6 22. Kf1 Qd6 23. f3 f6 24. Rc3 Rd8 25. Qc2 f5 26. c5 Qc6 27. Re1 e4 28. dxe4 fxe4 29. fxe4 Rd2 30. Qb3+ Kg7 31. Rf3 R2d7 32. Kg1 Re7 33. e5 Qe6 34. Qc3 Rf8 35. Rf6 1-0

[Event "Paul Keres mem (26th)"]
[Site "Vancouver CAN"]
[Date "2001.05.21"]
[Round "7.17"]
[White "Kerry, James"]
[Black "Angelvette, Duane"]
[Result "1-0"]
[WhiteElo "2034"]
[BlackElo "1656"]
[PlyCount "59"]
[GameId "2160767911564816"]
[EventDate "2001.05.18"]
[EventType "swiss"]
[EventRounds "7"]
[EventCountry "CAN"]

1. e4 e5 2. Nf3 Nc6 3. Bc4 Nf6 4. d4 exd4 5. O-O Bc5 6. e5 d5 7. exf6 dxc4 8. Re1+ Be6 9. Ng5 Qd5 10. Nc3 Qf5 11. Nce4 O-O-O 12. g4 Qe5 13. fxg7 Rhg8 14. Nxe6 fxe6 15. Bh6 Bb6 16. Qf3 Qd5 17. Qf7 Ne5 18. Qf4 Ng6 19. Qg3 e5 20. Nf6 Qe6 21. Nxg8 Rxg8 22. Rad1 e4 23. g5 e3 24. fxe3 dxe3 25. Re2 Ne5 26. Rf1 Bc5 27. Rf8+ Bxf8 28. gxf8=Q+ Rxf8 29. Bxf8 Qf5 30. Rxe3 1-0

[Event "Paul Keres mem (26th)"]
[Site "Vancouver CAN"]
[Date "2001.05.21"]
[Round "7.18"]
[White "Fairbairn, Stephen"]
[Black "Sullivan, Brian"]
[Result "1-0"]
[WhiteElo "2015"]
[BlackElo "1738"]
[PlyCount "61"]
[GameId "2160767911564817"]
[EventDate "2001.05.18"]
[EventType "swiss"]
[EventRounds "7"]
[EventCountry "CAN"]

1. e4 c5 2. Nf3 d6 3. d4 cxd4 4. Nxd4 Nf6 5. Nc3 a6 6. Bc4 e6 7. Bb3 Nbd7 8. g4 Nc5 9. Qe2 e5 10. Nf5 Bxf5 11. exf5 Be7 12. Be3 Nxb3 13. axb3 h5 14. g5 Ng4 15. h4 Nxe3 16. Qxe3 Qd7 17. Qe4 Qc6 18. Nd5 Rc8 19. c4 b5 20. Rc1 Bd8 21. O-O Bb6 22. cxb5 Qxc1 23. Rxc1 Rxc1+ 24. Kg2 Bd4 25. bxa6 Kd7 26. Nc3 Rb8 27. Qd5 Bxc3 28. a7 Rc8 29. bxc3 Ra1 30. Qb7+ Kd8 31. f6 1-0

[Event "Paul Keres mem (26th)"]
[Site "Vancouver CAN"]
[Date "2001.05.21"]
[Round "7.19"]
[White "Nguyen, Kim"]
[Black "Gustafson, Dale"]
[Result "1-0"]
[WhiteElo "2015"]
[BlackElo "1904"]
[PlyCount "47"]
[GameId "2160767911564818"]
[EventDate "2001.05.18"]
[EventType "swiss"]
[EventRounds "7"]
[EventCountry "CAN"]

1. e4 d5 2. exd5 Qxd5 3. Nc3 Qa5 4. d4 Nf6 5. Bc4 c6 6. Nf3 Bg4 7. Qd3 e6 8. O-O Qf5 9. Ne5 Qxd3 10. Bxd3 Nbd7 11. f3 Bh5 12. Ne4 Nxe5 13. dxe5 Nxe4 14. Bxe4 Bg6 15. Bxg6 hxg6 16. Be3 b6 17. a4 c5 18. a5 b5 19. a6 Be7 20. Rfd1 O-O 21. Rd7 Rfe8 22. Rb7 Kf8 23. Rxb5 Rab8 24. Rb7 1-0

[Event "Paul Keres mem (26th)"]
[Site "Vancouver CAN"]
[Date "2001.05.21"]
[Round "7.20"]
[White "Pivovarov, Juraj"]
[Black "Bouvier, Jesse"]
[Result "0-1"]
[WhiteElo "1807"]
[BlackElo "2020"]
[PlyCount "72"]
[GameId "2160767911564819"]
[EventDate "2001.05.18"]
[EventType "swiss"]
[EventRounds "7"]
[EventCountry "CAN"]

1. c4 e5 2. g3 Nc6 3. Bg2 f5 4. d3 Nf6 5. Nc3 Bb4 6. Bd2 a5 7. e4 d6 8. Nge2 O-O 9. O-O Bc5 10. Bg5 h6 11. Bxf6 Qxf6 12. Nd5 Qf7 13. Kh1 Nd4 14. f4 c6 15. Ndc3 Qh5 16. Nxd4 Qxd1 17. Raxd1 Bxd4 18. Rb1 Be6 19. a3 fxe4 20. Nxe4 Rad8 21. b4 axb4 22. Rxb4 Bc8 23. Rb3 exf4 24. gxf4 g6 25. Rf3 Kg7 26. h3 Rf7 27. Kh2 Rxf4 28. Rxf4 Be5 29. a4 Bxf4+ 30. Kh1 d5 31. cxd5 Rxd5 32. Nf2 Rd4 33. Ra3 Rb4 34. Be4 Rb2 35. Nd1 Rb1 36. Bf3 Bxh3 0-1

[Event "Paul Keres mem (26th)"]
[Site "Vancouver CAN"]
[Date "2001.05.21"]
[Round "7.21"]
[White "Dekker, Case"]
[Black "Krzyzowski, Ernest"]
[Result "0-1"]
[WhiteElo "1534"]
[BlackElo "1859"]
[PlyCount "82"]
[GameId "2160767911564820"]
[EventDate "2001.05.18"]
[EventType "swiss"]
[EventRounds "7"]
[EventCountry "CAN"]

1. d4 f5 2. Nf3 Nf6 3. c4 e6 4. Nc3 Be7 5. e3 O-O 6. Bd3 d5 7. cxd5 exd5 8. Qc2 Ne4 9. O-O c6 10. Qb3 Kh8 11. Qc2 Be6 12. Ne2 Nd7 13. Nf4 Bf7 14. Ne5 Nxe5 15. dxe5 g6 16. f3 Nc5 17. Be2 Ne6 18. Nd3 Qb6 19. Kh1 Kg8 20. Bd2 Rac8 21. a3 a6 22. b4 c5 23. Qb2 c4 24. Nf4 Nxf4 25. exf4 d4 26. Be1 c3 27. Qc2 Bc4 28. Bf2 Bxe2 29. Qxe2 Rfd8 30. Qd3 Qb5 31. Qxb5 axb5 32. Rac1 d3 33. Rfd1 c2 34. Rd2 Rc3 35. g3 Rxa3 36. Be3 Bxb4 37. Rg2 d2 38. Bxd2 Bxd2 39. Rxc2 Ra1+ 40. Rg1 Rxg1+ 41. Kxg1 Kg7 0-1

[Event "Paul Keres mem (26th) U1600"]
[Site "Vancouver CAN"]
[Date "2001.05.20"]
[Round "3"]
[White "Goutor, Yaroslav"]
[Black "Bates, Darren"]
[Result "1-0"]
[WhiteElo "1573"]
[BlackElo "1596"]
[PlyCount "85"]
[GameId "2160767911564821"]
[EventDate "2001.05.18"]
[EventType "swiss"]
[EventRounds "7"]
[EventCountry "CAN"]

1. e4 b6 2. d4 Bb7 3. Nc3 e6 4. Nf3 Bb4 5. Bd3 Nf6 6. Qe2 h6 7. Bd2 d5 8. e5 Nfd7 9. a3 Bxc3 10. Bxc3 c5 11. b3 cxd4 12. Bxd4 Nc6 13. Bb2 Nc5 14. O-O Nxd3 15. Qxd3 O-O 16. Rfd1 Ne7 17. Rac1 Ng6 18. g3 Ne7 19. Nd4 a6 20. Qe3 Kh8 21. Qe2 g5 22. c4 Ng6 23. Nf3 g4 24. Nd4 Qg5 25. f3 gxf3 26. Nxf3 Nf4 27. Qd2 Nh3+ 28. Kg2 Qxd2+ 29. Rxd2 Ng5 30. Nxg5 hxg5 31. Kg1 Kh7 32. Rf2 Kh6 33. Rf6+ Kg7 34. Kf2 dxc4 35. Rxc4 Bd5 36. Rg4 Bxb3 37. Rxg5+ Kh7 38. a4 Rac8 39. Ba3 Rg8 40. Rxf7+ Kh6 41. Rxg8 Rxg8 42. Rb7 Rg5 43. Bc1 1-0

[Event "Paul Keres mem (26th) U2000"]
[Site "Vancouver CAN"]
[Date "2001.05.19"]
[Round "1"]
[White "Christensen, Erik"]
[Black "German, Wade"]
[Result "1/2-1/2"]
[WhiteElo "1495"]
[BlackElo "1574"]
[PlyCount "79"]
[GameId "2160767911564625"]
[EventDate "2001.05.19"]
[EventType "swiss"]
[EventRounds "7"]
[EventCountry "CAN"]

1. e4 c5 2. Nf3 d6 3. d4 cxd4 4. Nxd4 Nf6 5. Nc3 g6 6. Be3 Bg7 7. Be2 O-O 8. O-O Nc6 9. Qd2 Nxd4 10. Bxd4 b6 11. Nd5 Bb7 12. Nxf6+ exf6 13. f3 Re8 14. Bc4 d5 15. exd5 Bxd5 16. Bxd5 Qxd5 17. Bc3 Qxd2 18. Bxd2 f5 19. c3 Rad8 20. Bf4 Re2 21. Rf2 Rde8 22. Kf1 R2e6 23. Rd1 h6 24. Rfd2 Kh7 25. Bg3 h5 26. Re1 Rxe1+ 27. Bxe1 Re7 28. c4 Bh6 29. Rd3 Bf4 30. h3 Bc1 31. b3 Bb2 32. Bb4 Rc7 33. Bc3 Ba3 34. Rd8 g5 35. Rh8+ Kg6 36. Rg8+ Kh6 37. Be5 Rd7 38. Rh8+ Kg6 39. Rg8+ Kh7 40. Rh8+ 1/2-1/2

[Event "Paul Keres mem (26th) U2000"]
[Site "Vancouver CAN"]
[Date "2001.05.19"]
[Round "1"]
[White "Reid, Richard"]
[Black "Feng, Jason"]
[Result "1/2-1/2"]
[WhiteElo "1818"]
[BlackElo "1635"]
[PlyCount "182"]
[GameId "2160767911564626"]
[EventDate "2001.05.19"]
[EventType "swiss"]
[EventRounds "7"]
[EventCountry "CAN"]

1. d4 f5 2. c4 Nf6 3. Nc3 g6 4. Nf3 Bg7 5. g3 O-O 6. Bg2 d6 7. Qc2 c6 8. O-O Qc7 9. e4 fxe4 10. Nxe4 Na6 11. a3 Bf5 12. Nxf6+ Bxf6 13. Qe2 Qd7 14. Re1 Rae8 15. Bh6 Rf7 16. Ng5 Bxg5 17. Bxg5 Nc7 18. Rad1 Ne6 19. Be3 Ng7 20. b4 Bh3 21. d5 Bxg2 22. Kxg2 b6 23. Bd4 Ref8 24. f4 Nh5 25. Qe6 Qxe6 26. Rxe6 cxd5 27. cxd5 Rc8 28. Rd2 Rc1 29. Re3 Ng7 30. Bb2 Rc7 31. Rc3 Rxc3 32. Bxc3 Nf5 33. Kf3 Rf8 34. g4 Nh6 35. h3 Kf7 36. Ke4 Rc8 37. Kd3 Ng8 38. Re2 Nf6 39. Bxf6 Kxf6 40. Re3 Rc1 41. Kd4 Rd1+ 42. Rd3 Rf1 43. Ke4 Re1+ 44. Re3 Rf1 45. Rc3 Re1+ 46. Re3 Rf1 47. g5+ Kf7 48. Rf3 Re1+ 49. Kd4 e6 50. dxe6+ Kxe6 51. Rc3 Rd1+ 52. Ke3 Rh1 53. Kf2 Kf5 54. Kg3 Rd1 55. Re3 Rd4 56. Kf3 Rxf4+ 57. Kg3 Kxg5 58. Re7 Rd4 59. Rxa7 h5 60. Rb7 Rd3+ 61. Kg2 Rxa3 62. Rxb6 Rd3 63. Rb8 Kh4 64. b5 Rd2+ 65. Kf3 Rd3+ 66. Kg2 Rxh3 67. b6 Rb3 68. b7 d5 69. Rd8 Rxb7 70. Rxd5 g5 71. Rd4+ g4 72. Rd2 Rb5 73. Kh2 g3+ 74. Kg2 Rb4 75. Rc2 Kg4 76. Rc8 Rb2+ 77. Kg1 Kh3 78. Rc1 Rf2 79. Rc4 Rd2 80. Rc1 h4 81. Rb1 Kg4 82. Rb4+ Kf3 83. Rb3+ Ke2 84. Kg2 Ke1+ 85. Kg1 Rf2 86. Rb1+ Kd2 87. Rb2+ Ke3 88. Rb3+ Kf4 89. Rb4+ Kg5 90. Rb8 Kg4 91. Rg8+ Kh3 1/2-1/2

[Event "Paul Keres mem (26th) U2000"]
[Site "Vancouver CAN"]
[Date "2001.05.19"]
[Round "1"]
[White "Saint-Louis, Luc"]
[Black "Chan, James"]
[Result "0-1"]
[WhiteElo "1674"]
[BlackElo "1836"]
[PlyCount "52"]
[GameId "2160767911564627"]
[EventDate "2001.05.19"]
[EventType "swiss"]
[EventRounds "7"]
[EventCountry "CAN"]

1. d4 f5 2. Nf3 g6 3. Bf4 Bg7 4. e3 Nf6 5. c4 O-O 6. h4 c5 7. Nc3 cxd4 8. exd4 h6 9. Be2 d6 10. O-O Be6 11. Qc2 Nbd7 12. Rfd1 Rc8 13. b3 Bf7 14. Kh2 Kh7 15. Rac1 Qe8 16. Qd3 e5 17. dxe5 dxe5 18. Ng5+ hxg5 19. hxg5 exf4 20. gxf6 Nxf6 21. Qf3 Ne4 22. Nb5 a6 23. Nd6 Nxd6 24. Rxd6 Rd8 25. Rxd8 Qxd8 26. Qxb7 Qd2 0-1

[Event "Paul Keres mem (26th) U2000"]
[Site "Vancouver CAN"]
[Date "2001.05.19"]
[Round "1"]
[White "Smith, Maurice"]
[Black "Lowther, Jeff"]
[Result "0-1"]
[WhiteElo "1715"]
[BlackElo "1700"]
[PlyCount "96"]
[GameId "2160767911564628"]
[EventDate "2001.05.19"]
[EventType "swiss"]
[EventRounds "7"]
[EventCountry "CAN"]

1. d4 d5 2. c4 dxc4 3. Nc3 Nf6 4. e3 e6 5. Bxc4 c5 6. Nf3 Be7 7. O-O O-O 8. b3 a6 9. dxc5 Bxc5 10. Bb2 b5 11. Be2 Bb7 12. a3 Nc6 13. b4 Bb6 14. Qxd8 Rfxd8 15. Rfd1 Ne7 16. Ne5 Rac8 17. Rxd8+ Rxd8 18. Rd1 Rxd1+ 19. Bxd1 Kf8 20. Bc2 Bc7 21. Ne2 Ned5 22. Nd3 Bd6 23. Bd4 Ke7 24. Nc5 Bc8 25. e4 e5 26. Bb2 Nb6 27. f3 Bxc5+ 28. bxc5 Nc4 29. Bc1 Nd7 30. c6 Ndb6 31. Nc3 Kd6 32. Nd5 Kxc6 33. Ne7+ Kc5 34. Nxc8 Nxc8 35. Kf2 Kd4 36. Ke2 Kc3 37. Bd3 N8b6 38. g3 a5 39. f4 f6 40. h3 b4 41. axb4 axb4 42. fxe5 fxe5 43. Bb1 h6 44. g4 b3 45. Be3 Nxe3 46. Kxe3 Nc4+ 47. Ke2 Na3 48. Bd3 Nc2 0-1

[Event "Paul Keres mem (26th) U2000"]
[Site "Vancouver CAN"]
[Date "2001.05.19"]
[Round "1"]
[White "Tohidi, Mehraz"]
[Black "Craver, Lyle"]
[Result "1-0"]
[WhiteElo "1987"]
[BlackElo "1697"]
[PlyCount "77"]
[GameId "2160767911564629"]
[EventDate "2001.05.19"]
[EventType "swiss"]
[EventRounds "7"]
[EventCountry "CAN"]

1. Nf3 Nf6 2. d4 c5 3. d5 g6 4. c4 b5 5. cxb5 a6 6. bxa6 Bxa6 7. Nc3 d6 8. g3 Bg7 9. Bg2 O-O 10. O-O Nbd7 11. Qc2 Qc7 12. Rd1 Rfb8 13. Rb1 Nb6 14. b3 c4 15. b4 Bc8 16. h3 Bd7 17. b5 Qa7 18. Nd4 Rc8 19. Nc6 Bxc6 20. bxc6 Qa5 21. Rb5 Qa6 22. Be3 Na4 23. Qxa4 Qxa4 24. Nxa4 Rxa4 25. Rd2 Ne8 26. Rc2 e5 27. g4 f5 28. gxf5 gxf5 29. Rb1 e4 30. h4 Nc7 31. Rd1 Rca8 32. Bh3 Rf8 33. Bb6 Nb5 34. c7 Nc3 35. Rxc3 Bxc3 36. Bxf5 Raa8 37. Be6+ Kg7 38. Rc1 Bd2 39. Rxc4 1-0

[Event "Paul Keres mem (26th) U2000"]
[Site "Vancouver CAN"]
[Date "2001.05.19"]
[Round "2"]
[White "Hardy, Justin"]
[Black "Tohidi, Mehraz"]
[Result "0-1"]
[WhiteElo "1798"]
[BlackElo "1987"]
[PlyCount "170"]
[GameId "2160767911564631"]
[EventDate "2001.05.19"]
[EventType "swiss"]
[EventRounds "7"]
[EventCountry "CAN"]

1. Nf3 Nf6 2. b3 d5 3. Bb2 Bf5 4. c4 c6 5. g3 e6 6. Bg2 Be7 7. O-O h6 8. d3 a5 9. a3 Na6 10. Nbd2 O-O 11. Ra2 Bh7 12. Qa1 Rc8 13. Re1 b5 14. Ne5 Qb6 15. Ndf3 Rfd8 16. Bc3 b4 17. Bd4 Bc5 18. axb4 Bxd4 19. Nxd4 Nxb4 20. Rxa5 c5 21. Rb5 Qd6 22. Ndf3 Nc2 23. Qc1 Nxe1 24. Qxe1 Rb8 25. Qa5 Ra8 26. Qb6 Qxb6 27. Rxb6 Rdb8 28. Rc6 Rxb3 29. cxd5 Rb1+ 30. Bf1 exd5 31. Rxc5 Bf5 32. Kg2 Raa1 33. Nd2 Rb2 34. Ndf3 Ra4 35. Nc6 Kf8 36. Ncd4 Bd7 37. Rc2 Rxc2 38. Nxc2 Ke7 39. h3 Kd6 40. e3 Bb5 41. Ncd4 Bd7 42. g4 Ne8 43. Nh4 g6 44. f4 Kc5 45. Nhf3 Nd6 46. Ne5 Be8 47. g5 h5 48. Kf2 Kb4 49. Bg2 Ra2+ 50. Ne2 Ra5 51. Nd4 Kc3 52. Ne2+ Kd2 53. Nd4 Ba4 54. Bf3 Bd1 55. Bxd1 Kxd1 56. Kf3 Ra3 57. Ndc6 Kd2 58. Nb4 Ra5 59. Nbc6 Rc5 60. Nd8 Rc7 61. Ndc6 Rb7 62. Nd8 Rc7 63. Ndc6 Ke1 64. Nb4 Rc5 65. h4 Rb5 66. d4 Kd2 67. Nbc6 Rb3 68. Kf2 Ne4+ 69. Kg2 Kxe3 70. Nxf7 Kxf4 71. Ne7 Rb2+ 72. Kf1 Nd2+ 73. Ke2 Nf3+ 74. Kd3 Rb3+ 75. Kc2 Nxd4+ 76. Kd1 Rb1+ 77. Kd2 Nf3+ 78. Kc2 Rb5 79. Nxg6+ Kg4 80. Kd3 Nxh4 81. Nge5+ Kf4 82. g6 Nf5 83. Nd6 Nxd6 84. g7 Rb3+ 85. Kd4 Nf5+ 0-1

[Event "Paul Keres mem (26th) U2000"]
[Site "Vancouver CAN"]
[Date "2001.05.19"]
[Round "2"]
[White "Lee, Jason"]
[Black "Christensen, Erik"]
[Result "1-0"]
[WhiteElo "1946"]
[BlackElo "1495"]
[PlyCount "71"]
[GameId "2160767911564632"]
[EventDate "2001.05.19"]
[EventType "swiss"]
[EventRounds "7"]
[EventCountry "CAN"]

1. d4 d5 2. c4 e6 3. Nc3 Nf6 4. Bf4 Bd6 5. Bxd6 Qxd6 6. e3 a6 7. Nf3 Nc6 8. Bd3 O-O 9. O-O b6 10. Rc1 Re8 11. a3 Bb7 12. Qc2 h6 13. Rfd1 dxc4 14. Bxc4 Na5 15. Be2 Rac8 16. b4 Nc6 17. e4 Qe7 18. b5 Nb8 19. a4 a5 20. Ne5 Nbd7 21. Nc4 e5 22. d5 Nc5 23. f3 Red8 24. Rd2 Ne8 25. Nd1 Nd6 26. Nde3 f6 27. Rcd1 g6 28. Nxa5 Ra8 29. Nc6 Bxc6 30. dxc6 Rxa4 31. Nd5 Qf7 32. Nxb6 cxb6 33. Rxd6 Rxd6 34. Rxd6 Kg7 35. Qxa4 Qc7 36. Qd1 1-0

[Event "Paul Keres mem (26th) U2000"]
[Site "Vancouver CAN"]
[Date "2001.05.19"]
[Round "2"]
[White "Lowther, Jeff"]
[Black "Cheng, Louis"]
[Result "1-0"]
[WhiteElo "1700"]
[BlackElo "1780"]
[PlyCount "107"]
[GameId "2160767911564633"]
[EventDate "2001.05.19"]
[EventType "swiss"]
[EventRounds "7"]
[EventCountry "CAN"]

1. e4 c5 2. Nf3 d6 3. c3 Nf6 4. Be2 Nxe4 5. Qa4+ Nc6 6. Qxe4 g6 7. d4 cxd4 8. Nxd4 Bd7 9. O-O Bg7 10. Nf3 O-O 11. Na3 a6 12. Qh4 b5 13. Bh6 Bf6 14. Bg5 Bg7 15. Nc2 Qc8 16. Bd3 Re8 17. Ne3 Ra7 18. Rfe1 h5 19. Nc2 Bg4 20. Be3 Rb7 21. Ncd4 e5 22. Nxc6 Qxc6 23. Nd2 d5 24. Nb3 Rbe7 25. h3 Bc8 26. Qb4 f5 27. Qc5 Qe6 28. Bg5 Rf7 29. Na5 Bf8 30. Qc6 Bd6 31. Nb3 Rc7 32. Qb6 Qd7 33. Qe3 Qe6 34. Qg3 Rf7 35. Bf4 Qf6 36. Qg5 Qg7 37. Qh6 Qxh6 38. Bxh6 Kh7 39. Be3 f4 40. Bc5 Bc7 41. f3 Bd7 42. Bf2 Kh6 43. Nc5 Bc8 44. a4 bxa4 45. Rxa4 a5 46. Bb5 Ref8 47. Nb3 e4 48. Bc5 Rd8 49. fxe4 f3 50. e5 Be6 51. Nxa5 d4 52. gxf3 d3 53. Bc4 Rf4 54. Be3 1-0